| 000 | 00576nam a2200205Ia 4500 | ||
|---|---|---|---|
| 003 | GCL | ||
| 008 | 140319s9999 xx 000 0 ara d | ||
| 040 |
_aGCL / _cGCL |
||
| 082 | 0 | 4 |
_a418.1 _bا ل |
| 100 | 1 | _aاحمد كشك | |
| 245 | 1 | 0 |
_aاللغة والكلام ابحاث فى التداخل والتقريب / _cاحمد كشك |
| 300 | _a208 | ||
| 490 |
_aكتاب _v0 |
||
| 650 | 0 | 4 | _aالعلم |
| 650 | 0 | 4 | _aاللغة العربية |
| 650 | 0 | 4 | _aعلم اللغة المقارن |
| 650 | 0 | 4 | _aمذاهب |
| 650 | 0 | 4 | _aعلم الكلام |
| 942 |
_2ddc _cBK |
||
| 999 |
_c42898 _d42898 |
||